| 000 | 00827cab a2200241 4500 | ||
|---|---|---|---|
| 001 | WB2828-56 | ||
| 008 | 090401t1992 xxu||||| |||| 00| 0 eng d | ||
| 035 | _a(Sirsi) u59951 | ||
| 041 | _aeng | ||
| 245 | _aAmended form | ||
| 260 | _c1992 | ||
| 350 | _a0 | ||
| 490 |
_aOyez Forms Information Service _v(14/1992) June 1992 (2) |
||
| 520 | _a"T&CP 6 - Blight notice" has been represcribed by Regulations 6, Schedule 2 of Town and Country Planning General Regulations 1992 which revoke the 1976 regulations. | ||
| 650 | _aBLIGHT NOTICES | ||
| 650 | _aFORMS | ||
| 650 | _aTOWN AND COUNTRY PLANNING ACT 1990 | ||
| 650 | _aTOWN AND COUNTRY PLANNING GENERAL REGULATIONS 1976 | ||
| 650 | _aTOWN AND COUNTRY PLANNING GENERAL REGULATIONS 1992 | ||
| 690 | _aPLANNING LAW AND PRACTICE | ||
| 942 | _n0 | ||
| 948 | _c04/03/1997 | ||
| 999 |
_c36894 _d36894 |
||